Score 0/20 Timer 08:00
0 Plays Today
% Correct
Finding Nemo
87.1%
Mean Girls
84.5%
Back to the Future
79.7%
12 Angry Men
67.8%
Kill Bill Vol. 1
54.8%
Titanic
54.2%
Airplane!
40.7%
Monty Python and the Holy Grail
37.6%
Catch Me If You Can
34.6%
Billy Madison
31.6%
% Correct
Con Air
27.4%
Dumb & Dumber
25.2%
Elf
24.6%
Donnie Darko
23.2%
The Wolf of Wall Street
19.9%
A Few Good Men
19%
L.A. Confidential
17.3%
The Truman Show
14.2%
Clerks.
13.1%
Scott Pilgrim vs. the World
7.6%

You're not logged in!

Compare scores with friends on all Sporcle quizzes.
OR
Log In

Sporcle TV

Today on Sporcle TV


Watch our educational content, quiz creation guides, and fun videos on Sporcle TV.

Show Comments

Extras

Top Quizzes Today


Score Distribution

Paid Content

Your Account Isn't Verified!

In order to create a playlist on Sporcle, you need to verify the email address you used during registration. Go to your Sporcle Settings to finish the process.

Report this User

Report this user for behavior that violates our Community Guidelines.

Details: